Noise and the design of buildings and services / (Record no. 548953)
[ view plain ]
| 000 -LEADER | |
|---|---|
| fixed length control field | 00976pam a2200229 a 4500 |
| 020 ## - INTERNATIONAL STANDARD BOOK NUMBER | |
| International Standard Book Number | 0860958779 : |
| 082 00 - DEWEY DECIMAL CLASSIFICATION NUMBER | |
| Classification number | 693.834 |
| Author Mark | NOI |
| -- | D |
| 100 ## - MAIN ENTRY--PERSONAL NAME | |
| Personal name | Croome, Derek J. |
| 9 (RLIN) | 45427 |
| 245 00 - TITLE STATEMENT | |
| Title | Noise and the design of buildings and services / |
| Statement of responsibility, etc. | edited by Derek J. Croome. |
| 260 ## - PUBLICATION, DISTRIBUTION, ETC. | |
| Place of publication, distribution, etc. | London ; |
| -- | New York : |
| Name of publisher, distributor, etc. | Construction Press, |
| Date of publication, distribution, etc. | 1982. |
| 300 ## - PHYSICAL DESCRIPTION | |
| Extent | 165 p. : |
| Other physical details | ill. ; |
| Dimensions | 31 cm. |
| 500 ## - GENERAL NOTE | |
| General note | "Based on the conference of the same title, organized in July 1980 by the Construction Industry Conference Centre Limited in conjunction with the Royal Institute of British Architects ... [et al.]"--Prelim. p. |
| 526 ## - STUDY PROGRAM INFORMATION NOTE | |
| Program name | 0 |
| Interest level | 0 |
| Reading level | 0 |
| Title point value | 693_834000000000000_NOI |
| 526 ## - STUDY PROGRAM INFORMATION NOTE | |
| Program name | 0 |
| Interest level | 0 |
| Reading level | 0 |
| Title point value | 693_834000000000000_NOI |
| 650 #0 - SUBJECT ADDED ENTRY--TOPICAL TERM | |
| Topical term or geographic name entry element | D |
| 9 (RLIN) | 6527 |
| 650 #0 - SUBJECT ADDED ENTRY--TOPICAL TERM | |
| Topical term or geographic name entry element | Noise control. |
| 9 (RLIN) | 3293 |
| 650 #0 - SUBJECT ADDED ENTRY--TOPICAL TERM | |
| Topical term or geographic name entry element | Soundproofing. |
| 9 (RLIN) | 3294 |
| 700 1# - ADDED ENTRY--PERSONAL NAME | |
| Personal name | Clements-Croome, Derek. |
| 9 (RLIN) | 45428 |
| 710 2# - ADDED ENTRY--CORPORATE NAME | |
| Corporate name or jurisdiction name as entry element | Construction Industry Conference Centre. |
| 9 (RLIN) | 45429 |
| 710 2# - ADDED ENTRY--CORPORATE NAME | |
| Corporate name or jurisdiction name as entry element | Royal Institute of British Architects. |
| 9 (RLIN) | 31764 |
| 942 ## - ADDED ENTRY ELEMENTS (KOHA) | |
| Source of classification or shelving scheme | |
| Koha item type | Book |
| Withdrawn status | Lost status | Source of classification or shelving scheme | Damaged status | Not for loan | Permanent Location | Current Location | Date acquired | Total Checkouts | Full call number | Barcode | Date last seen | Price effective from | Koha item type |
|---|---|---|---|---|---|---|---|---|---|---|---|---|---|
| Military College of Engineering (MCE) | Military College of Engineering (MCE) | 09/11/2014 | 693.834 NOI | MCE-41202 | 09/11/2014 | 09/11/2014 | Book | ||||||
| Military College of Engineering (MCE) | Military College of Engineering (MCE) | 09/11/2014 | 693.834 NOI | MCE-41187 | 09/11/2014 | 09/11/2014 | Book |
